72 Hadis, adab dan nilai-nilai murni - Buku 2 (Record no. 93036)
[ view plain ]
| 000 -LEADER | |
|---|---|
| fixed length control field | 00687nam a2200241 i 4500 |
| 001 - CONTROL NUMBER | |
| control field | C2-0287335 |
| 003 - CONTROL NUMBER IDENTIFIER | |
| control field | PPAK |
| 005 - DATE AND TIME OF LATEST TRANSACTION | |
| control field | 20180728020646.0 |
| 008 - FIXED-LENGTH DATA ELEMENTS--GENERAL INFORMATION | |
| fixed length control field | 080206s2007 my a|||| ||||| | may d |
| 020 ## - INTERNATIONAL STANDARD BOOK NUMBER | |
| International Standard Book Number | 9789833195848 |
| 040 ## - CATALOGING SOURCE | |
| Original cataloging agency | PPAK |
| Language of cataloging | eng |
| Transcribing agency | PPAK |
| Description conventions | rda |
| 082 04 - DEWEY DECIMAL CLASSIFICATION NUMBER | |
| Classification number | 297.12 |
| Edition number | 23 |
| 090 00 - LOCALLY ASSIGNED LC-TYPE CALL NUMBER (OCLC); LOCAL CALL NUMBER (RLIN) | |
| Classification number (OCLC) (R) ; Classification number, CALL (RLIN) (NR) | 297.12 |
| Feature heading | TUJ |
| Feature heading | K |
| 245 00 - TITLE STATEMENT | |
| Title | 72 Hadis, adab dan nilai-nilai murni - Buku 2 |
| 264 #1 - PRODUCTION, PUBLICATION, DISTRIBUTION, MANUFACTURE, AND COPYRIGHT NOTICE | |
| Place of production, publication, distribution, manufacture | Selangor Darul Ehsan : |
| Name of producer, publisher, distributor, manufacturer | Selasih Media , |
| Date of production, publication, distribution, manufacture, or copyright notice | 2007 |
| 300 ## - PHYSICAL DESCRIPTION | |
| Extent | iii, 36 pages : |
| Other physical details | colour illustrations ; |
| Dimensions | 27 cm |
| 336 ## - CONTENT TYPE | |
| Source | rdacontent |
| Content type term | text |
| 337 ## - MEDIA TYPE | |
| Source | rdamedia |
| Media type term | unmediated |
| 338 ## - CARRIER TYPE | |
| Source | rdacarrier |
| Carrier type term | volume |
| 650 10 - SUBJECT ADDED ENTRY--TOPICAL TERM | |
| Topical term or geographic name entry element | Hadith. |
| 700 0# - ADDED ENTRY--PERSONAL NAME | |
| Personal name | Hamdan Mohd Ali, |
| Relator term | compile |
| 942 ## - ADDED ENTRY ELEMENTS (KOHA) | |
| -- | dc |
| Koha item type | Book |
| Withdrawn | Not for loan | Current library | Shelving location | Date acquired | Total Checkouts | Total Renewals | Full call number | Barcode | Date last seen | Date last checked out | Koha item type |
|---|---|---|---|---|---|---|---|---|---|---|---|
| Perpustakaan Alor Setar | Pinjaman Kanak-kanak | 06/02/2008 | 3 | 1 | K 297.12 TUJ | A01230930 | 24/08/2025 | 10/06/2025 | Book | ||
| Perpustakaan Awam Sungai Petani | Pinjaman Kanak-kanak | 06/02/2008 | 6 | K 297.12 TUJ | A01230931 | 02/09/2025 | 23/08/2025 | Book | |||
| Perpustakaan Baling | Pinjaman Kanak-kanak | 06/02/2008 | 1 | K 297.12 TUJ | A01230937 | 13/01/2026 | 27/12/2025 | Book | |||
| Perpustakaan Bandar Baharu | Pinjaman Kanak-kanak | 06/02/2008 | K 297.12 TUJ | A01230938 | 09/05/2018 | Book | |||||
| Perpustakaan Jitra | Pinjaman Kanak-kanak | 06/02/2008 | 1 | K 297.12 TUJ | A01230932 | 19/01/2020 | 29/12/2019 | Book | |||
| Perpustakaan Kuala Nerang | Pinjaman Kanak-kanak | 06/02/2008 | K 297.12 TUJ | A01230939 | 09/05/2018 | Book | |||||
| Perpustakaan Kulim | Pinjaman Kanak-kanak | 06/02/2008 | K 297.12 TUJ | A01230934 | 09/05/2018 | Book | |||||
| Perpustakaan Langkawi | Pinjaman Kanak-kanak | 06/02/2008 | 1 | K 297.12 TUJ | A01230933 | 26/02/2024 | 07/02/2024 | Book | |||
| Perpustakaan Merbok | Pinjaman Kanak-kanak | 06/02/2008 | K 297.12 TUJ | A01230941 | 09/05/2018 | Book | |||||
| Perpustakaan Sik | Pinjaman Kanak-kanak | 06/02/2008 | K 297.12 TUJ | A01230936 | 09/05/2018 | Book | |||||
| Perpustakaan Yan | Pinjaman Kanak-kanak | 06/02/2008 | K 297.12 TUJ | A01230935 | 09/05/2018 | Book | |||||
| Perpustakaan Yan | Pinjaman Kanak-kanak | 06/02/2008 | K 297.12 TUJ | A01230940 | 09/05/2018 | Book |